Responses for Show #6193 - Wednesday, July 13, 2011

Contestants

[<< previous game]

Paul Barbour, an aspiring producer from Baldwinsville, New York

Sarah Powell, a project financial analyst from Baltimore, Maryland

Damian Yu, an executive compensation consultant originally from West Vancouver, Canada (whose 2-day cash winnings total $24,400)

[next game >>]

Jeopardy! Round responses

THE CONGRESSIONAL BLACK CAUCUS
(Alex: Which this year celebrates its 40th anniversary.)
ROCK OF STAGES
WHO DO YOU THINK I AM?!
THAT'S SOME NERVE
DAN-O-MITE
"SUPER"
    $200 7
Washington, D.C.

Paul
    $200 8
(Damian: What is Rocky Horror?)
[Originally ruled correct; reversed after the first break because he did not provide the complete name of the show]

The Rocky Horror Show

Damian
Triple Stumper
    $200 16
David

Damian
    $200 26
the funny bone

Damian
    $200 1
Fahrenheit

Paul
    $200 2
[ERRATUM: The game was more likely released sometime in fall 1985.]

Super Mario Bros.

Sarah
    $400 9
apartheid

Damian
    $400 11
We Will Rock You

Damian
    $400 17
Ho Chi Minh

Damian
    $1,000 27
the olfactory nerve

Damian
    $400 22
Dan Fouts

Paul
    $400 3
superintendent

Damian
    $600 10
Martin Luther King Day

Paul
    $600 14
Hedwig

Sarah
    $600 18
Rupert Murdoch

Paul
    $600 28
the median

Damian
    $600 23
(Daniel) Webster

Damian
    $600 4
supernatural

Paul
    $800 12
environmental justice

Sarah
    $800 15
(Sarah: Who is Elvis Presley?)

Mike Stoller

Sarah
Triple Stumper
    $800 20
Oppenheimer

Damian
    $800 29
the sciatic nerve

Damian
    $800 24
Daniel Ellsberg

Paul
    $800 5
superlative

Paul
    $1000 13
John Lewis

Triple Stumper
    $1000 19
Pink Floyd

Sarah
    $1000 21
Loki

Damian
    $1000 30
the tricep(s)

Damian
    $1000 25
Chicago

Damian
    $1000 6
supercooling

Sarah

Scores at the first commercial break (after clue 15):

Damian Sarah Paul
$1,000 $1,800 $2,400

Scores at the end of the Jeopardy! Round:

Damian Sarah Paul
$8,600 $2,800 $4,200

Double Jeopardy! Round responses

THE NEXT BIBLE BOOK AFTER...
(Alex: ...the one we will give you as the clue.)
THE 13th CENTURY
LESSER-KNOWN ANCIENT ROMANS?
(Alex: I don't know, but each correct response will end in the letters "U-S", "-us".)
TINKER
"EVER"S
CHANCE
    $400 16
Exodus

Sarah
    $400 6
(Paul: What is Spain?)

Portugal

DamianPaul
    $400 11
(Sarah: What is Spockus?)

Uterus

SarahPaul
    $400 18
Tinker Bell

Damian
    $400 1
Everybody Hates Chris

Paul
    $400 28
a hole-in-one

Paul
    $800 17
Luke

Paul
    $800 7
Amsterdam

Damian
    $800 12
Invictus

Damian
    $800 20
le Carré

Damian
    $800 2
The Greatest Story Ever Told

Paul
    $800 29
[The end-of-round signal sounds.]

0 & 00

Paul
    $1200 19
Deuteronomy

Paul
    $1200 8
Chichen Itza

Damian
    $1200 13
Cyprus

Triple Stumper
    $1200 23
NBC

Paul
    $1200 3
Whatever Happened to Baby Jane?

Paul
    $1600 21
Proverbs

Triple Stumper
    $1600 9
powder

Triple Stumper
    $1600 14
Prius

Damian
    $1600 24
A Midsummer Night's Dream

Paul
    $1600 4
Everwood

Paul
    $1600 27
(Edmond) Hoyle

Paul
    $600 22
(Damian: What is Lamentations?)

Judges

Damian
    $1,200 10
(Damian: What's Venice?)

Florence

Damian
    $2000 15
Subcutaneous

Triple Stumper
    $2000 25
horse

Triple Stumper
    $2000 5
Every Which Way but Loose

Damian
    $2000 26
36

Paul

Scores at the end of the Double Jeopardy! Round:

Damian Sarah Paul
$14,800 $2,800 $17,800

[wagering suggestions for these scores]

Final Jeopardy! Round responses

NAME THE POET
(Alex: [*]; The Rime of the Ancient Mariner.)
SarahWho is Colleridge?
$1,200
DamianWho is Poe Coleridge?
$5,201
PaulWho is Colerige?
$12,000
Samuel Taylor Coleridge

Final scores:

Damian Sarah Paul
$20,001 $4,000 $29,800
2nd place: $2,000 3rd place: $1,000 New champion: $29,800

Game dynamics:

Coryat scores:

Damian Sarah Paul
$16,000 $2,800 $17,800
22 R
(including 1 DD),
3 W
(including 2 DDs)
6 R,
2 W
21 R,
1 W

Combined Coryat: $36,600

[game clues] [game scores] [suggest correction]

Game tape date: 2011-03-08
The J! Archive is created by fans, for fans. Scraping, republication, monetization, and malicious use prohibited; this site may use cookies and collect identifying information. See terms. The Jeopardy! game show and all elements thereof, including but not limited to copyright and trademark thereto, are the property of Jeopardy Productions, Inc. and are protected under law. This website is not affiliated with, sponsored by, or operated by Jeopardy Productions, Inc. Join the discussion at JBoard.tv.